| 000 | 00672nam a22002297a 4500 | ||
|---|---|---|---|
| 005 | 20170124110116.0 | ||
| 010 | _a716555 | ||
| 020 | _c00.00 | ||
| 035 | _a716555 | ||
| 037 | _bCen Lib/Ret | ||
| 040 |
_aDPL _bEN |
||
| 082 |
_a954.42 _bPAL |
||
| 100 |
_aPal, H.Bhisham _930071 |
||
| 245 |
_aHistoric Rajasthan / _cby H.Bhisham Pal |
||
| 260 |
_bSagar Publications _c1974 _aNew Delhi |
||
| 270 |
_a72, Janpath, Ved Mansion _bNew Delhi _e110001 |
||
| 300 |
_a203p. _c23cm(Hb) |
||
| 500 | _aIncludes bibliographical references | ||
| 650 |
_aCivilization, Ancient _920815 |
||
| 650 |
_aCivilization, Western _972344 |
||
| 942 |
_2ddc _cEN _h954.42 _mPAL |
||
| 999 |
_c130771 _d130771 |
||